000 00462nam a2200181Ia 4500
001 17803
003 IN-NITTTR
005 20251114233208.0
008 251113s9999||||xx |||||||||||||| ||eng||
040 _beng
040 _cIN-NITTTR
041 _aeng
082 _a631.4 S91E
100 _aSchwab, Glenn O.
245 0 _aElementary solid and water engineering /
_cSchwab, Glenn O., Frevart, Richard K.
700 _a Frevart, Richard K.
942 _2ddc
_cBK
999 _c20437
_d20437